| 000 | 00427ntaaa2200169 4500 | ||
|---|---|---|---|
| 003 | 01 | ||
| 005 | 20251027200859.0 | ||
| 008 | 0714s1973 ag 01 | ||
| 040 |
_aAR-BaBN _bspa _cAR-BaBN _eaacr _dRIC |
||
| 082 | _a780.9 Sa3 | ||
| 100 |
_aSalas, Samuel _95462 |
||
| 245 |
_aHistoria de la música / _cSamuel Salas |
||
| 250 |
_a1 ed. : _bAraujo, _c1938 |
||
| 300 | _a120 p | ||
| 650 |
_aMusica Antigua-Historia _95463 |
||
| 942 | _cBK | ||
| 999 |
_c2859 _d2859 |
||